Introduction to transportation engineering (Record no. 2610)

000 -LEADER
fixed length control field 00540nam a22002054a 4500
001 - CONTROL NUMBER
control field 2610
003 - CONTROL NUMBER IDENTIFIER
control field BD-DhUET
008 - FIXED-LENGTH DATA ELEMENTS--GENERAL INFORMATION
fixed length control field 010314s2002 maua b 001 0 eng
020 ## - INTERNATIONAL STANDARD BOOK NUMBER
International Standard Book Number 9780070702462
040 ## - CATALOGING SOURCE
Original cataloging agency DLC
Transcribing agency DLC
Modifying agency BD-DhUET
082 00 - DEWEY DECIMAL CLASSIFICATION NUMBER
Classification number 625
Item number BAN/2002
100 1# - MAIN ENTRY--PERSONAL NAME
Personal name Banks, James H.
245 10 - TITLE STATEMENT
Title Introduction to transportation engineering
250 ## - EDITION STATEMENT
Edition statement 2nd ed.
260 ## - PUBLICATION, DISTRIBUTION, ETC. (IMPRINT)
Place of publication, distribution, etc. Boston
Name of publisher, distributor, etc. McGraw-Hill
Date of publication, distribution, etc. 2002
300 ## - PHYSICAL DESCRIPTION
Extent ix, 502p.
Other physical details ill.
Dimensions 24 cm.
504 ## - BIBLIOGRAPHY, ETC. NOTE
Bibliography, etc Includes bibliographies
650 #0 - SUBJECT ADDED ENTRY--TOPICAL TERM
Topical term or geographic name as entry element Transportation engineering
942 ## - ADDED ENTRY ELEMENTS (KOHA)
Koha item type General Book
Holdings
Koha date last seen Date acquired Koha out on loan Source of classification or shelving scheme Koha full call number Koha normalized classification for sorting Koha item type Location (home branch) Damaged status Koha issues (times borrowed) Withdrawn status Lost status Piece designation (barcode) Shelving location Source of acquisition Copy number Price effective from Koha date last borrowed Not for loan Sublocation or collection (holding branch)
2016-04-102014-09-282017-04-10 625/BAN/2002625BAN2002General BookCentral Library, BUET 1  112833Circulation section 12014-09-282016-04-10 Central Library, BUET
2014-09-282014-09-28  625/BAN/2002625BAN2002General BookCentral Library, BUET    112989Circulation section 22014-09-28  Central Library, BUET
2015-09-122015-06-13  625/BAN/2002625_000000000000000_BAN_2002General BookCentral Library, BUET    113731Circulation sectionInternational Book Distributors32015-09-12  Central Library, BUET
2016-04-132015-11-15  625/BAN/2002625_000000000000000_BAN_2002General BookCentral Library, BUET 1  113758Circulation section 42015-11-152016-04-10 Central Library, BUET